Đạo đức học Đề cương bài giảng dùng trong các trường Đại học và Cao đẳng từ năm 1991 - 1992

保存先:
書誌詳細
第一著者: Bộ giáo dục và đào tạo
フォーマット: 図書
言語:Undetermined
出版事項: Hà Nội Giáo dục 1991
主題:
タグ: タグ追加
タグなし, このレコードへの初めてのタグを付けませんか!
Thư viện lưu trữ: Trung tâm Học liệu Trường Đại học Cần Thơ
LEADER 00626nam a2200181Ia 4500
001 CTU_5252
008 210402s9999 xx 000 0 und d
082 |a 170 
082 |b Đ108 
100 |a Bộ giáo dục và đào tạo 
245 0 |a Đạo đức học 
245 0 |b Đề cương bài giảng dùng trong các trường Đại học và Cao đẳng từ năm 1991 - 1992 
245 0 |c Bộ giáo dục và đào tạo 
260 |a Hà Nội 
260 |b Giáo dục 
260 |c 1991 
650 |a ethics,moral education 
980 |a Trung tâm Học liệu Trường Đại học Cần Thơ